000 00358nam a2200145Ia 4500
008 230917s9999||||xx |||||||||||||| ||und||
040 _e247889
_aMAIN
041 _aEnglish
082 _a954.03 H919H
100 _aHunter, William W
245 0 _aHistory of British India. 2V
260 _a[n.p.]
_bAsian education
_c2008
300 _av. p.
942 _cBK
999 _c181189
_d181189